Adjudication update: were the predictions correct? (Record no. 70062)

MARC details
000 -LEADER
fixed length control field 01708cam a2200253 4500
001 - CONTROL NUMBER
control field ABS65355
008 - FIXED-LENGTH DATA ELEMENTS--GENERAL INFORMATION
fixed length control field 020424n2002 000 0 eng u
035 ## - SYSTEM CONTROL NUMBER
System control number (Sirsi) u117662
100 ## - MAIN ENTRY--PERSONAL NAME
Personal name Knowles, R
245 ## - TITLE STATEMENT
Title Adjudication update: were the predictions correct?
260 ## - PUBLICATION, DISTRIBUTION, ETC.
Date of publication, distribution, etc. 2002
490 ## - SERIES STATEMENT
Series statement Civil Engineering Surveyor
Volume/sequential designation April 2002, 20-21(2)
520 ## - SUMMARY, ETC.
Summary, etc. Considers the progress made in adjudication since the Construction Act 1996 came into force on 1 May 1998. Highlights the predictions and concerns of lawyers prior to the Act, in particular that the courts would not be able to enforce adjudicators' awards if challenged by the losing party. Illustrates how such fears have not been founded and that courts have generally chosen to enforce the adjudicator's awards. Looks at the number and type of referral going to court and the total costs of taking a dispute to adjudication compared with arbitration. Also emphasises the point that adjudication often ends the dispute, and very few cases have subequently gone to litigation or arbitration. Concludes that adjudication is greatly beneficial to the construction industry.
590 ## - LOCAL NOTE (RLIN)
Local note ABS
650 ## - SUBJECT ADDED ENTRY--TOPICAL TERM
Topical term or geographic name entry element MANAGEMENT-DISPUTE AVOIDANCE, MANAGEMENT AND RESOLUTION-DISPUTE MANAGEMENT AND RESOLUTION-ALTERNATIVE DISPUTE RESOLUTION-ADJUDICATION
650 ## - SUBJECT ADDED ENTRY--TOPICAL TERM
Topical term or geographic name entry element MANAGEMENT-DISPUTE AVOIDANCE, MANAGEMENT AND RESOLUTION-DISPUTE MANAGEMENT AND RESOLUTION-ARBITRATION
650 ## - SUBJECT ADDED ENTRY--TOPICAL TERM
Topical term or geographic name entry element COSTS
650 ## - SUBJECT ADDED ENTRY--TOPICAL TERM
Topical term or geographic name entry element BUILT ENVIRONMENT-BUILDING CONTRACT FORMS
650 ## - SUBJECT ADDED ENTRY--TOPICAL TERM
Topical term or geographic name entry element HOUSING GRANTS, CONSTRUCTION AND REGENERATION ACT 1996
650 ## - SUBJECT ADDED ENTRY--TOPICAL TERM
Topical term or geographic name entry element CONSTRUCTION INDUSTRY
650 ## - SUBJECT ADDED ENTRY--TOPICAL TERM
Topical term or geographic name entry element ADJUDICATOR'S AWARDS
690 ## - LOCAL SUBJECT ADDED ENTRY--TOPICAL TERM (OCLC, RLIN)
Topical term or geographic name as entry element Dispute resolution
9 (RLIN) 6236
942 ## - ADDED ENTRY ELEMENTS (KOHA)
Suppress in OPAC 0
Holdings
Withdrawn status Lost status Source of classification or shelving scheme Damaged status Not for loan Home library Current library Shelving location Date acquired Total Checkouts Full call number Barcode Date last seen Copy number Price effective from Koha item type
    Dewey Decimal Classification     London London Journal article 24/04/2002   ABS65355 117662-1001 06/08/2019 1 06/08/2019 Journal article